000 00695nam a2200205Ia 4500
005 20260121110023.0
008 008 260114s9999 xx 000 0 hin d
020 _a9788132357742
037 _aEBOOK
040 _aCRL
_bhin
_cCRL
041 _ahin
_2hin
084 _qCRL
100 _aकल्याण श्रीवास्तव / Kalyan Shrivastav
_9941058
245 0 _aजल, वायु एवं मृदा संरक्षण / Jal, Vayu aur Mrida Sanrakshan
260 _bभाषा प्रकाशन / Bhasha Prakashan
_c2021
856 _uhttps://bhashaprakashan.com/product-details/378915
942 _cEBOOK
999 _c1532723
_d1532723